| 000 | 00542nam a2200181Ia 4500 | ||
|---|---|---|---|
| 005 | 20240425010512.0 | ||
| 008 | 240331s9999 xx 000 0 und d | ||
| 020 | _a818505455X | ||
| 082 |
_bSAN _a331.4 |
||
| 100 | _aSandbergen, Schenk- Loes | ||
| 245 | 0 |
_aPoverty and survival _bKudumbi Female Domestic servants and their households in Alleppey (Kerala) _cLoes Schenk - Sandbergen |
|
| 250 | _a1 st | ||
| 260 |
_aNew Delhi _bManohar Publications _c1988 |
||
| 300 | _axii,108 p ., | ||
| 650 | _aPolitical | ||
| 650 | _aSocial | ||
| 942 | _cL | ||
| 999 |
_c2615 _d2615 |
||